Statistics for Super Smash Bros. Fighters #74 - The Terry Quiz

Click here to take the quiz!

General Stats

  • This quiz has been taken 36 times
  • The average score is 8 of 15

Answer Stats

HintAnswer% Correct
What is Terry's last name?Bogard
100%
What game is Terry from?Fatal Fury
96%
Say it with me now: “Are you OK?…”BUSTER WOLF!
85%
Characters from this game frequently take part in this crossover fighting series:King of Fighters
81%
Which company develops both of the above series?SNK
78%
What is the name of Terry’s special move where a powerful geyser erupts after hitting the ground?Power Geyser
74%
What is Terry’s favourite sport (and namesake of his attacks)?Basketball
56%
Who does Terry hold a grudge against for killing his father?Geese Howard
56%
Who is Terry’s brother?Andy
41%
Terry’s pet, Ukee, is the ex-mascot of the above company. What kind of animal is he?Monkey
37%
Who is Terry’s girlfriend?Blue Mary
26%
Terry received a redesign and personality change in this game:Garou Mark of the Wolves
26%
On August 2nd 2022 a Terry skin was added to which battle royale game?Fall Guys: Ultimate Knockout
22%
What fictional U.S. city was Terry born in?South Town
19%
This Deadpool 2 director also played Terry in a 2010 movie:David Leitch
4%

Score Distribution

Percentile by Number Answered

Percent of People with Each Score

Your Score History

You have not taken this quiz